[Event "TCh-HUN 2008-9"]
[Site "Budapest HUN"]
[Date "2009.04.18"]
[Round "11"]
[White "Gonda,L"]
[Black "Dovzik,J"]
[Result "1-0"]
[WhiteElo "2507"]
[BlackElo "2374"]

1.Nf3 d5 2.c4 c6 3.g3 Nf6 4.Bg2 Bf5 5.b3 e6 6.O-O Be7 7.Bb2 O-O 8.d3 h6 9.Nbd2 Nbd7
10.a3 a5 11.Re1 Bh7 12.d4 Ne4 13.Nxe4 Bxe4 14.Nd2 Bxg2 15.Kxg2 f5 16.f3 Bg5
17.e3 Qe8 18.Qe2 Qg6 19.b4 a4 20.c5 h5 21.Kh1 h4 22.Rg1 Qh6 23.f4 Be7 24.g4 fxg4
25.Qxg4 Rf5 26.Qg6 Qxg6 27.Rxg6 Kf7 28.Rag1 Bf6 29.e4 Rxf4 30.e5 Nf8 31.R6g2 h3
32.Rg3 Be7 33.Rxg7+ Ke8 34.Rf1 Rf5 35.Rf3 Rd8 36.Rxh3 Rf2 37.Bc3 Rd7 38.Kg1 Rf7
39.Rxf7 Kxf7 40.Nf3 Ng6 41.Bd2 Rd8 42.Ng5+ Bxg5 43.Bxg5 Rg8 44.Rg3 Nf8 45.Kf2 Nh7
46.Rf3+ Kg6 47.Bf4 Rf8 48.Ke3 Rf5 49.Rg3+ Kf7 50.Bh6 Ke7 51.Rg8  1-0

[Event "Sydney International Open"]
[Site "Parramatta AUS"]
[Date "2009.04.18"]
[Round "8"]
[White "Mahmud,S"]
[Black "Mohota,N"]
[Result "0-1"]
[WhiteElo "2373"]
[BlackElo "2304"]

1.Nf3 d5 2.c4 e6 3.d4 Nf6 4.Nc3 Be7 5.Bg5 O-O 6.e3 h6 7.Bh4 b6 8.Bd3 Bb7
9.Bxf6 Bxf6 10.cxd5 exd5 11.Qb3 c5 12.dxc5 Nd7 13.Rd1 Nxc5 14.Qc2 Nxd3+ 15.Qxd3 Rc8
16.Nd4 Qd7 17.O-O Rfd8 18.Rfe1 g6 19.h3 a6 20.a3 Kh7 21.Rd2 b5 22.Red1 Qe7
23.Nde2 b4 24.axb4 Qxb4 25.Ra1 Qb6 26.Ra4 Rc4 27.Nd4 Rdc8 28.Qe2 a5 29.Qf3 Kg7
30.Qd1 Rb4 31.Qa1 h5 32.Qa2 Be5 33.Rxb4 axb4 34.Nce2 Bb8 35.Qa4 Qd6 36.f4 Ba6
37.b3 Qb6 38.Qa1 Kh7 39.Kf2 Re8 40.Rc2 Bd3 41.Rc6 Qb7 42.Qc1 Qd7  0-1

[Event "XV Leonardo di Bona Magistrale"]
[Site "Cutro ITA"]
[Date "2009.04.20"]
[Round "3"]
[White "Epishin,V"]
[Black "Svetushkin,D"]
[Result "1/2-1/2"]
[WhiteElo "2591"]
[BlackElo "2615"]

1.Nf3 d5 2.c4 c6 3.e3 Nf6 4.Nc3 a6 5.b3 Bf5 6.Bb2 e6 7.Nh4 Bg4 8.Be2 Bxe2
9.Qxe2 Be7 10.O-O Nbd7 11.d3 O-O 12.g3 b5 13.Rfc1 Nc5 14.cxb5 cxb5 15.Nf3 Qb6
16.Rc2 b4 17.Nd1 Qb5 18.Bxf6 Bxf6 19.d4 Ne4 20.Rac1 Qxe2 21.Rxe2 a5 22.Nd2 a4
23.Nxe4 dxe4 24.Nb2 axb3 25.axb3 Ra3 26.Na4 Rxb3 27.Nc5 Ra3 28.Rb2 Rb8 29.Nd7 Rd8
30.Nxf6+ gxf6 31.Rxb4 Rd7 32.g4 Ra5 33.Rc8+ Kg7 34.Rbb8 Rg5 35.Rg8+ Kh6 36.Kg2 Rg6
37.h4 f5 38.g5+ Kh5 39.Rxg6 fxg6 40.Kg3 Rf7 41.Kf4 Kxh4 42.Rb1 Kh3 43.Ke5 Ra7
44.Kxe6 Ra6+ 45.Ke5 Ra2 46.Rd1 Kg2 47.d5 Kxf2 48.Kf4 Ke2 49.Rd4 Ra8 50.d6 Rd8
51.d7 Kf2 52.Rd2+ Ke1 53.Rd6 Kf2 54.Rd2+ Ke1 55.Rd6 Kf2 56.Rd2+  1/2-1/2

[Event "XV Leonardo di Bona Magistrale"]
[Site "Cutro ITA"]
[Date "2009.04.21"]
[Round "4"]
[White "Koziak,V"]
[Black "Rusev,K"]
[Result "0-1"]
[WhiteElo "2475"]
[BlackElo "2498"]

1.Nf3 d5 2.c4 c6 3.e3 Nf6 4.Nc3 a6 5.d4 b5 6.b3 Bf5 7.Be2 e6 8.O-O Nbd7 9.Nh4 Bb4
10.Nb1 Bxb1 11.Rxb1 Ne4 12.Nf3 Nc3 13.Qd2 Nxb1 14.Qxb4 a5 15.Qe1 b4 16.Bb2 Nc3
17.Bxc3 bxc3 18.Qxc3 O-O 19.c5 Nb8 20.e4 dxe4 21.Nd2 f5 22.f3 Nd7 23.fxe4 fxe4
24.Rxf8+ Qxf8 25.Nxe4 Nf6 26.Bf3 Nd5 27.Qd2 h6 28.Nd6 Rb8 29.Bxd5 exd5 30.Qxa5 Qf4
31.Qc3 Rf8 32.h3 Qf2+ 33.Kh2 Rf4 34.Nc8 Re4 35.Qg3 Qxd4 36.Qd6 Qe3 37.Na7 Re6
38.Qb8+ Kh7 39.b4 d4 40.b5 d3 41.bxc6 d2  0-1

[Event "K41 Scandinavian Open"]
[Site "Copenhagen DEN"]
[Date "2009.04.25"]
[Round "9"]
[White "Grandelius,N"]
[Black "Semcesen,D"]
[Result "1-0"]
[WhiteElo "2491"]
[BlackElo "2387"]

1.Nf3 d5 2.c4 c6 3.d4 Nf6 4.e3 a6 5.Bd3 Bg4 6.O-O e6 7.Qb3 Ra7 8.Ne5 Bh5
9.Nc3 Be7 10.cxd5 exd5 11.e4 dxe4 12.Nxe4 O-O 13.Ng3 Bg4 14.Bc4 b5 15.Bxf7+ Kh8
16.Bg5 c5 17.dxc5 Bxc5 18.Nxg4 Rfxf7 19.Ne4 Bd4 20.Rad1 Nc6 21.Nexf6 gxf6
22.Be3 Rg7 23.Qe6 Rad7 24.Nxf6  1-0

[Event "XV Leonardo di Bona Magistrale"]
[Site "Cutro ITA"]
[Date "2009.04.25"]
[Round "8"]
[White "Marholev,D"]
[Black "Svetushkin,D"]
[Result "0-1"]
[WhiteElo "2396"]
[BlackElo "2615"]

1.Nf3 d5 2.c4 d4 3.e3 c5 4.exd4 cxd4 5.d3 Nc6 6.g3 e5 7.Bg2 Bd6 8.O-O Nge7
9.Na3 O-O 10.Nc2 a5 11.Nd2 f5 12.a3 Be6 13.Rb1 Rc8 14.b4 axb4 15.axb4 b5
16.c5 Bc7 17.Na3 Rb8 18.Nf3 Bd5 19.Bg5 h6 20.Bxe7 Nxe7 21.Re1 Nc6 22.Nh4 Bxg2
23.Kxg2 Qd5+ 24.Qf3 Qxf3+ 25.Nxf3 Kf7 26.Nd2 Rb7 27.Rb3 Ra8 28.Reb1 Ke6 29.Nc2 Kd5
30.f3 Bd8 31.h4 h5 32.R1b2 g5 33.hxg5 Bxg5 34.Nb1 Bc1  0-1

[Event "41st TCh-ITA"]
[Site "Senigallia ITA"]
[Date "2009.04.30"]
[Round "1"]
[White "Amato,A"]
[Black "Sabia,C"]
[Result "1-0"]
[WhiteElo "2261"]
[BlackElo "2215"]

1.Nf3 d5 2.c4 c6 3.e3 Nf6 4.Nc3 e6 5.Qc2 Nbd7 6.b3 Bd6 7.Bb2 a6 8.d4 Qe7
9.Be2 e5 10.dxe5 Nxe5 11.cxd5 cxd5 12.Nxe5 Bxe5 13.O-O Be6 14.Rac1 Rc8 15.Qb1 O-O
16.Rfd1 Rfd8 17.Bf3 d4 18.Ne2 Rxc1 19.Qxc1 Rc8 20.Qa1 Qc7 21.g3 Bg4 22.Bxg4 Nxg4
23.Rc1 Qd7 24.Bxd4 Rxc1+ 25.Qxc1 h6 26.Qc2 g6 27.Qe4 Bxd4 28.Qxd4 Qf5 29.Qf4 Qb1+
30.Kg2 f5 31.Qb8+ Kh7 32.Qxb7+ Kh8 33.Qc8+ Kh7 34.Qd7+  1-0

[Event "41st TCh-ITA"]
[Site "Senigallia ITA"]
[Date "2009.04.30"]
[Round "1"]
[White "Stangl,M"]
[Black "Bentivegna,F"]
[Result "1-0"]
[WhiteElo "2458"]
[BlackElo "2326"]

1.Nf3 d5 2.c4 dxc4 3.Na3 a6 4.Nxc4 b5 5.Ne3 Bb7 6.d4 e6 7.a4 Nd7 8.g3 Ngf6
9.Bg2 Bd6 10.Qb3 O-O 11.axb5 axb5 12.Rxa8 Qxa8 13.Qxb5 Rb8 14.Qc4 Nb6 15.Qb3 Qa5+
16.Nd2 Ba6 17.Bf3 c5 18.dxc5 Nbd5 19.Qa3 Qxa3 20.bxa3 Bxc5 21.Nxd5 Nxd5 22.Ne4 Be7
23.O-O Rb3 24.Rd1 Bxa3 25.Bxa3 Rxa3 26.Nc5 h6 27.Rb1 Kh7 28.Rb8 Bc4 29.Rb7 Kg8
30.Nd7 Ra8 31.Nc5 Ba6 32.Rd7 Rf8 33.Ra7 Bb5 34.Bh5 Be8 35.Bg4  1-0

[Event "IV Tch-ESP Selecciones Autonomicas"]
[Site "Villava ESP"]
[Date "2009.04.30"]
[Round "1"]
[White "Cacho Reigadas,S"]
[Black "Salgado Lopez,I"]
[Result "0-1"]
[WhiteElo "2469"]
[BlackElo "2559"]

1.Nf3 d5 2.c4 d4 3.e3 Nc6 4.d3 e5 5.exd4 Nxd4 6.Nxd4 exd4 7.Be2 Nf6 8.O-O Be7
9.b4 O-O 10.Bd2 Bf5 11.a4 c5 12.b5 a5 13.Ra2 Qc7 14.Bc1 Bd6 15.g4 Bd7 16.f4 Kh8
17.Kh1 Ng8 18.f5 Bxh2 19.Bf3 Be5 20.Bg2 Rae8 21.Qf3 b6 22.Nd2 g5 23.Ne4 f6
24.Re2 h5 25.Qh3 Re7 26.Bxg5 fxg5 27.Nxg5 Nf6 28.Rfe1 Rg7  0-1

[Event "XXII Open"]
[Site "Benidorm ESP"]
[Date "2009.05.01"]
[Round "8"]
[White "Suba,M"]
[Black "Nabaty,T"]
[Result "1/2-1/2"]
[WhiteElo "2542"]
[BlackElo "2501"]

1.Nf3 d5 2.c4 dxc4 3.e3 Be6 4.Na3 Nf6 5.Nxc4 g6 6.b3 Bg7 7.Bb2 O-O 8.Be2 a5
9.O-O a4 10.bxa4 Qe8 11.Nd4 Bxc4 12.Bxc4 Qxa4 13.Bb3 Qa5 14.Bc3 Qa6 15.Nf3 c5
16.d3 Nc6 17.a4 Na5 18.Bxa5 Qxa5 19.Rb1 Ne8 20.Nd2 Nd6 21.Nc4 Nxc4 22.Bxc4 Qxa4
23.Qf3 Qc6 24.Rxb7 Qxf3 25.gxf3 e6 26.Kg2 Bc3 27.Rfb1 Bb4 28.d4 Rfd8 29.Rd1 Rab8
30.Rxb8 Rxb8 31.d5 exd5 32.Rxd5 Rb7 33.f4 Kg7 34.Kf3 Ba3 35.h4 Rc7 36.h5 Bb2
37.Kg4 Bc3 38.Rd6 Be1 39.f5 gxf5+ 40.Kf3 h6 41.Rd1 Bc3 42.Rd5 Re7 43.Rxf5 Be5
44.Ke2 Bd6 45.f4 Ra7 46.Rd5 Be7 47.Rd2 Ra4 48.Rc2 Ra1 49.Bd5 Rg1 50.Rb2 Ra1
51.Rb7 Kf8 52.Rc7 Ra3 53.f5 Ke8 54.e4 Rh3 55.Ra7 Rxh5 56.Ra8+ Kd7 57.Bxf7 Rh2+
58.Kd3 Bf6 59.Ra7+ Kd6 60.Ra6+ Ke7 61.Bd5 Bd4 62.Re6+ Kd7 63.Bc6+ Kc7 64.Be8 h5
65.f6 Rf2 66.f7 h4 67.Rh6 Kd8 68.Rxh4 Ke7 69.Rg4 Be5 70.Kc4 Bd6 71.Kd5 Rd2+
72.Kc6 c4 73.e5 Ba3 74.Rxc4 Ke6 75.Ra4 Rc2+ 76.Kb7 Bf8 77.Ra5 Rc5 78.Ra6+ Kxe5
79.Bd7 Rd5 80.Re6+ Kd4 81.Kc7 Rf5 82.Be8 Kd5 83.Re1 Rf6 84.Kd8 Kd6 85.Rg1 Ke6
86.Ba4 Rf3 87.Ke8 Bc5 88.Rc1 Ba3 89.Ra1 Bc5 90.Rc1 Ba3 91.Rb1 Re3 92.Rb6+ Kf5+
93.Kd8 Kg5 94.Ra6 Bf8 95.Bd7 Re7 96.Be6 Kf6 97.Bd5+ Kg7 98.Ra1 Re5 99.Rg1+ Kf6
100.Rd1 Kg7 101.Kd7 Kf6 102.Be6 Ra5 103.Bd5 Rb5 104.Rf1+ Kg7 105.Ke6 Rb6+
106.Ke5 Bd6+ 107.Kf5 Bc5 108.Rc1 Rf6+ 109.Ke4 Bd6 110.Rg1+ Rg6  1/2-1/2

[Event "41st TCh-ITA"]
[Site "Senigallia ITA"]
[Date "2009.05.01"]
[Round "4"]
[White "Ramondino,R"]
[Black "Napoli,N"]
[Result "1-0"]
[WhiteElo "2259"]
[BlackElo "2353"]

1.Nf3 d5 2.c4 Nf6 3.cxd5 Qxd5 4.Nc3 Qa5 5.g3 e5 6.d3 e4 7.Ng5 exd3 8.Qb3 Bb4
9.Qxf7+ Kd8 10.Bd2 Qb6 11.O-O-O Bf5 12.e4 Bg6 13.Ne6+ Kc8 14.Qxg7 Re8 15.Qxf6 Bxc3
16.Bxc3 Nd7 17.Qd4 Qxe6 18.Bxd3 Nb6 19.a3 Bh5 20.Rd2 a6 21.f4 Kb8 22.f5 Qa2
23.Bb1 Qb3 24.e5 Ka7 25.Bc2 Qa2 26.g4 Rad8 27.Qg1 Rxd2 28.Bxd2 Rxe5 29.gxh5 Qa1+
30.Bb1 c5 31.Qg4 Rd5 32.Ba5 Nd7 33.Rd1 Nf6 34.Rxd5 Nxg4 35.f6 Nxf6 36.Rd6 b5
37.Rxf6 b4 38.Rf3 Kb7 39.Rb3 Kc6 40.Bxb4 cxb4 41.Rxb4 Kc5 42.h6 a5 43.Rb7 Kc4
44.Kc2  1-0

[Event "41st TCh-ITA"]
[Site "Senigallia ITA"]
[Date "2009.05.02"]
[Round "6"]
[White "Stangl,M"]
[Black "Rombaldoni,Ax"]
[Result "0-1"]
[WhiteElo "2458"]
[BlackElo "2363"]

1.Nf3 d5 2.c4 d4 3.e4 c5 4.d3 Nc6 5.g3 e5 6.Bg2 Be7 7.O-O h5 8.a3 a5 9.h4 a4
10.Nbd2 Nh6 11.b4 axb3 12.Rb1 f6 13.Rxb3 g5 14.hxg5 fxg5 15.Nh2 g4 16.f4 h4
17.f5 hxg3 18.Nxg4 Bg5 19.Bh3 Bxd2 20.Bxd2 Qh4 21.Nxh6 Qxh3 22.Qe2 Rxh6 23.Bxh6 Qxh6
24.Rf3 Bd7 25.Rxg3 O-O-O 26.Rb1 Rh8 27.Qg2 Ne7 28.Rf1 Qf6 29.Rg7 Rh5 30.Rf3 Bc6
31.Rgg3 Rh8 32.Rh3 Rf8 33.Rh7 Kb8 34.Qg7 Rg8 35.Rg3 Rxg7 36.Rgxg7 Nxf5 37.exf5 Qxf5  0-1

[Event "IV Tch-ESP Selecciones Autonomicas"]
[Site "Villava ESP"]
[Date "2009.05.02"]
[Round "5"]
[White "Bernal Moro,L"]
[Black "Moya Mallafre,E"]
[Result "1-0"]
[WhiteElo "2448"]
[BlackElo "2041"]

1.Nf3 d5 2.c4 c6 3.e3 Nf6 4.Nc3 e6 5.b3 Bd6 6.Bb2 Nbd7 7.Qc2 O-O 8.Be2 Re8
9.d4 dxc4 10.bxc4 e5 11.O-O e4 12.Nd2 Qe7 13.Rae1 Nf8 14.c5 Bc7 15.f3 exf3
16.Bxf3 Ng4 17.Bxg4 Bxg4 18.Nce4 Qh4 19.Nd6 Re6 20.N2c4 Rg6 21.Qd2 f6 22.e4 Ne6
23.Ne3 Ng5 24.Nef5 Bxf5 25.exf5 Rh6 26.Qf4 Nf7 27.Ba3 Rd8 28.Re7 Nxd6 29.cxd6 Qxf4
30.Rxf4 Bxd6 31.Bxd6 Rxd6 32.Rxb7 a5 33.Ra7 Rd5 34.Re4 Kf8 35.Ree7 Rxd4 36.Rf7+ Ke8
37.Rxg7 Kf8 38.Rgc7 Rd1+ 39.Kf2 Rd2+ 40.Ke3 Rd8 41.h3 Rh4 42.Rxa5 Rc4 43.Rxh7 Kg8
44.Raa7 Re8+ 45.Kf2 Rf4+ 46.Kg3 Rxf5 47.Rhg7+ Kh8 48.Rh7+ Kg8 49.Rag7+ Kf8
50.Rc7 Kg8 51.Rhg7+ Kh8 52.Rh7+ Kg8 53.Rhd7 Rg5+ 54.Kh2 c5 55.a4 Ra8 56.Rd6 f5
57.Rd5 Re8 58.a5 c4 59.a6 c3 60.a7 c2 61.Rxc2 Kf7 62.Ra2 Ke6 63.Re2+  1-0

[Event "2nd Mayors Cup"]
[Site "Mumbai IND"]
[Date "2009.05.04"]
[Round "5"]
[White "Murshed,N"]
[Black "Abhishek,K"]
[Result "1-0"]
[WhiteElo "2407"]
[BlackElo "2178"]

1.Nf3 d5 2.c4 c6 3.b3 Bg4 4.Ne5 Bh5 5.Bb2 f6 6.Nf3 e5 7.g3 e4 8.Nd4 c5 9.Ne6 Qd6
10.Nf4 Bf7 11.Nxd5 Bxd5 12.cxd5 Qxd5 13.Bg2 Qe6 14.d3 f5 15.dxe4 fxe4 16.Nd2 e3
17.O-O Nc6 18.Ne4 Nf6 19.Bxf6 gxf6 20.Qd5 Kf7 21.Nxc5 Bxc5 22.Qxc5 exf2+
23.Rxf2 Rad8 24.Raf1 Kg7 25.Bxc6 bxc6 26.Qxa7+ Rd7 27.Qc5 Rd5 28.Qc4 Re5
29.Qxe6 Rxe6 30.Rc1 Rd8 31.Rc2 Rd1+ 32.Rf1 Rd5 33.Rfc1 Ra5 34.a4 Re3 35.Rb2 c5
36.Rc4 Re5 37.Kf2 Kg6 38.Rbc2 h6 39.R2c3 Kf7 40.Kf3 Kg6 41.Re4 Rh5 42.h4 Rf5+
43.Rf4 Re5 44.Re3 Rxe3+ 45.Kxe3 Ra8 46.Kd3 Rb8 47.Kc4 Rb4+ 48.Kc3 Rb8 49.a5 Re8  1-0

[Event "Copenhagen Chess Challenge"]
[Site "Ballerup DEN"]
[Date "2009.05.08"]
[Round "4"]
[White "Akdag,D"]
[Black "Jacobsen,Mad"]
[Result "1-0"]
[WhiteElo "2199"]
[BlackElo "1830"]

1.Nf3 d5 2.c4 c6 3.Nc3 Nf6 4.d4 dxc4 5.a4 a5 6.Ne5 Bf5 7.g3 e6 8.Bg2 Bb4
9.O-O O-O 10.Nxc4 Na6 11.e3 Qe7 12.Qe2 Rad8 13.e4 Bg6 14.e5 Nd5 15.Ne4 Bxe4
16.Bxe4 c5 17.Qh5 f5 18.Bg5 Qd7 19.Bxd8 Rxd8 20.Bxd5 Qxd5 21.Nd6 Rf8 22.dxc5 Nxc5
23.Qe2 Nb3 24.Rad1 Nd4 25.Rxd4 Qxd4 26.Rd1 Qc5 27.Nxb7 Qc6 28.Qb5 Qxb5 29.axb5 Rf7
30.Rd8+ Rf8 31.b6 Rxd8 32.Nxd8 Bc5 33.b7 Ba7 34.Nc6  1-0

[Event "ch-URU"]
[Site "Montevideo URU"]
[Date "2009.05.08"]
[Round "1"]
[White "Izquierdo,D"]
[Black "Saralegui,M"]
[Result "1-0"]
[WhiteElo "2288"]
[BlackElo "2148"]

1.Nf3 d5 2.c4 c6 3.d4 Nf6 4.cxd5 cxd5 5.Bf4 Nc6 6.Nc3 a6 7.e3 Bf5 8.Be2 e6
9.O-O Be7 10.Qb3 b5 11.Rfc1 Na5 12.Qd1 O-O 13.Ne5 Nc4 14.Nc6 Qd7 15.Nxe7+ Qxe7
16.b3 Nd6 17.a4 b4 18.Na2 a5 19.Rc6 Rfd8 20.Rac1 Nfe8 21.Bd3 Bg6 22.Qc2 Bxd3
23.Qxd3 Qb7 24.h3 h6 25.R1c5 Ne4 26.Rc2 N4d6 27.f3 Rac8 28.R6c5 Qa8 29.Nc1 Nb7
30.Rxc8 Rxc8 31.Ne2 Ned6 32.Kf2 Rxc2 33.Qxc2 Qc8 34.Qxc8+ Nxc8 35.Nc1 f6
36.Nd3 Na7 37.g4 Kf7 38.h4 Nc6 39.Bc7 Ke7 40.h5 Kd7 41.Bf4 Ke7 42.Ke2 Kd7
43.Bg3 Ke7 44.Nf4 Kf7 45.Kd3 Ne7 46.e4 dxe4+ 47.fxe4 Nc6 48.Ng6 e5 49.dxe5 Nc5+
50.Kc4 Nxe4 51.Kd5 Nxg3 52.Kxc6 Ne4 53.Kb6  1-0

[Event "Copenhagen Chess Challenge"]
[Site "Ballerup DEN"]
[Date "2009.05.10"]
[Round "9"]
[White "Kovachev,D"]
[Black "Grabarczyk,M"]
[Result "0-1"]
[WhiteElo "2256"]
[BlackElo "2469"]

1.Nf3 d5 2.c4 e6 3.g3 Nf6 4.Bg2 Be7 5.O-O O-O 6.b3 b6 7.Bb2 Bb7 8.Ne5 Nbd7
9.f4 c5 10.e3 Qc7 11.d3 dxc4 12.dxc4 Rad8 13.Qc2 Nxe5 14.Bxe5 Qc8 15.Bxf6 Bxf6
16.Nc3 Bxg2 17.Kxg2 Qb7+ 18.Kf2 Rd7 19.Rad1 Bxc3 20.Qxc3 Rfd8 21.Qc2 h5 22.h4 Qc6
23.Rfe1 a6 24.a4 g6 25.Rg1 Kf8 26.Rgf1 Ke7 27.Rfe1 Rd6 28.Rg1 Qd7 29.Ke2 e5
30.Rxd6 Qxd6 31.Qe4 Ke6 32.Qxe5+ Qxe5 33.fxe5 Kxe5 34.Rf1 f6 35.Ra1 Rd6 36.a5 Ke4
37.Ra3 g5 38.axb6 Rxb6 39.Ra5 Rxb3 40.hxg5 fxg5 41.Rxc5 Rb2+ 42.Ke1 h4 43.gxh4 g4  0-1

[Event "Rapid"]
[Site "Livry-Gargan FRA"]
[Date "2009.05.10"]
[Round "5"]
[White "Edouard,R"]
[Black "Guliyev,N"]
[Result "1-0"]
[WhiteElo "2594"]
[BlackElo "2534"]

1.Nf3 d5 2.c4 c6 3.e3 Nf6 4.Nc3 e6 5.b3 Bd6 6.Bb2 O-O 7.Qc2 Nbd7 8.Rg1 Qe7
9.g4 Rd8 10.g5 Ne8 11.h4 a6 12.h5 b5 13.Bh3 Nf8 14.d4 bxc4 15.bxc4 Rb8 16.c5 Bc7
17.Ne2 a5 18.Ne5 Bxe5 19.dxe5 Nd7 20.Bd4 Rb4 21.g6 Rc4 22.gxf7+ Qxf7 23.Nc3 Nxc5
24.Bf1 Rxc3 25.Bxc3 Ne4 26.Bxa5 Rd7 27.Bd3 Qxh5 28.Bxe4 dxe4 29.Qxc6 Qxe5
30.Bc3 Bb7 31.Qxd7 Qxc3+ 32.Kf1 Kf8 33.Qd4 Qa5 34.Rg3 h5 35.Rc1 h4 36.Rg4 Nf6
37.Qd6+ Kg8 38.Qxe6+ Kf8 39.Qd6+ Kg8 40.Qxf6  1-0

[Event "Rapid"]
[Site "Livry-Gargan FRA"]
[Date "2009.05.10"]
[Round "7"]
[White "Hauchard,A"]
[Black "Goldsztejn,Gi"]
[Result "0-1"]
[WhiteElo "2512"]
[BlackElo "2407"]

1.Nf3 d5 2.c4 c6 3.e3 Nf6 4.Nc3 e6 5.Qc2 Nbd7 6.b3 Bd6 7.g4 h6 8.Bb2 Qe7
9.Rg1 g5 10.cxd5 exd5 11.h4 Ne5 12.Nxe5 Bxe5 13.Be2 d4 14.Na4 dxe3 15.dxe3 Bd7
16.O-O-O O-O-O 17.Qc5 Bxb2+ 18.Kxb2 Qxc5 19.Nxc5 gxh4 20.Rd4 Rhg8 21.Rf4 Rg6
22.Bd3 Nd5 23.Rxf7 Rxg4 24.Rd1 Rg2 25.Be4 Rh2 26.Rd2 Bg4 27.Nxb7 Rd7 28.Rxd7 Kxd7
29.Kc2 Kc7 30.Nc5 h3 31.Kd3 Nf6 32.Kd4 Nxe4 33.Nxe4 Rg2  0-1

[Event "XI Open"]
[Site "Salou ESP"]
[Date "2009.05.11"]
[Round "7"]
[White "Burmakin,V"]
[Black "Moskalenko,V1"]
[Result "1-0"]
[WhiteElo "2605"]
[BlackElo "2528"]

1.Nf3 d5 2.c4 d4 3.b4 g6 4.Bb2 Bg7 5.g3 e5 6.d3 c5 7.bxc5 Nc6 8.Bg2 Nf6 9.O-O Nd7
10.Nfd2 Nxc5 11.Ba3 Bf8 12.Nb3 Ne6 13.Bxf8 Kxf8 14.N1d2 h5 15.Nf3 h4 16.Qd2 g5
17.e3 Qf6 18.Rae1 a5 19.exd4 exd4 20.Rxe6 Bxe6 21.Nxg5 Kg7 22.Nxe6+ fxe6
23.Nc5 Ne5 24.Qe2 Rac8 25.Nxb7 hxg3 26.hxg3 Nf7 27.Qg4+ Kf8 28.Nxa5 Qh6 29.Re1 Rc5
30.Nc6 Rh5 31.f4 Rh1+ 32.Kf2 Rxe1 33.Kxe1 Qf6 34.a4 Rh2 35.Qf3 Qf5 36.Kf2 Qc5
37.Kg1 Rh6 38.Qe4 Qa3 39.Nxd4 Qc5 40.Kf1 Nd8 41.Ne2 Qb6 42.Qd4 Qb1+ 43.Kf2 Nf7
44.a5 Qa2 45.Qc3 Rh2 46.Qb4+ Kg7 47.Qe1 Rh5 48.Kg1 Rxa5 49.Nd4 e5 50.Nc6 Ra3
51.Nxe5 Qb2 52.Qe4 Nxe5 53.fxe5 Qb1+ 54.Bf1 Ra1 55.Qg4+ Kf8 56.Qf3+ Ke8 57.d4 Qe1
58.c5 Rc1 59.Qf2 Qe4 60.Qf4 Rxf1+ 61.Kxf1 Qd3+ 62.Kg2 Qe2+ 63.Qf2 Qe4+ 64.Kg1 Qb1+
65.Qf1 Qe4 66.Qd1 Qe3+ 67.Kg2 Qe4+ 68.Kf2 Qf5+ 69.Qf3 Qc2+ 70.Qe2 Qc3 71.Qe4 Qd2+
72.Kf3 Qd1+ 73.Kg2 Qd2+ 74.Kh3 Qh6+ 75.Kg4 Qg7+ 76.Kh5 Qh8+ 77.Kg5  1-0

[Event "XXVIII Open"]
[Site "Zalakaros HUN"]
[Date "2009.05.11"]
[Round "4"]
[White "Gonda,L"]
[Black "Pap,G"]
[Result "1/2-1/2"]
[WhiteElo "2522"]
[BlackElo "2466"]

1.Nf3 d5 2.c4 d4 3.g3 Nc6 4.Bg2 e5 5.d3 a5 6.O-O Be7 7.e3 Nf6 8.exd4 exd4
9.Na3 Nd7 10.Re1 Nc5 11.Bg5 Be6 12.Bxe7 Qxe7 13.Nc2  1/2-1/2

[Event "XXVIII Open"]
[Site "Zalakaros HUN"]
[Date "2009.05.13"]
[Round "6"]
[White "Gonda,L"]
[Black "Horvath,P1"]
[Result "1-0"]
[WhiteElo "2522"]
[BlackElo "2445"]

1.Nf3 d5 2.c4 e6 3.g3 Nf6 4.b3 Be7 5.Bg2 O-O 6.O-O c5 7.Bb2 Nc6 8.e3 d4 9.exd4 cxd4
10.Re1 Ne8 11.Ne5 Nxe5 12.Rxe5 Nc7 13.f4 Rb8 14.d3 b5 15.Nd2 Bb7 16.Bxb7 Rxb7
17.Qf3 Rb6 18.Re4 Bb4 19.Qf2 Bc3 20.Nf3 Rd6 21.Rd1 b4 22.Bc1 Na6 23.Re2 Nc5
24.Ng5 f5 25.Re5 Qb6 26.Qg2 a5 27.g4 h6 28.Nf3 fxg4 29.Qxg4 Nd7 30.Rb5 Qd8
31.Ne5 Nxe5 32.fxe5 Rd7 33.Qxe6+ Kh7 34.Qg4 Rdf7 35.e6 Rf2 36.Qe4+ g6 37.Rb7+  1-0

[Event "Limpedea Cup"]
[Site "Baia Sprie ROM"]
[Date "2009.05.15"]
[Round "5"]
[White "Petkov,V"]
[Black "Thesing,M"]
[Result "0-1"]
[WhiteElo "2481"]
[BlackElo "2415"]

1.Nf3 d5 2.c4 e6 3.e3 Nf6 4.d4 c5 5.Nc3 a6 6.a3 dxc4 7.Bxc4 b5 8.Ba2 Bb7
9.O-O Nbd7 10.e4 b4 11.e5 bxc3 12.exf6 Nxf6 13.bxc3 Be7 14.Be3 O-O 15.Ne5 Qc7
16.Qa4 Bd6 17.Rfe1 Rfc8 18.f3 Nd5 19.Bd2 cxd4 20.cxd4 Qc2 21.Qxc2 Rxc2 22.Nc4 Bf4
23.Bxf4 Nxf4 24.Ne3 Rd2 25.Bc4 Rxd4 26.Rab1 Rd7 27.Rb6 g5 28.Reb1 Ra7 29.Bf1 h6
30.Rc1 a5 31.Bb5 Re7 32.Rd6 Kg7 33.Rc5 Nd5 34.Nc4 Rc7 35.Rxc7 Nxc7 36.a4 Bd5
37.Nb6 Nxb5 38.axb5 Bb3 39.Rd7 Rxd7 40.Nxd7 Bd5 41.Nb6 Bb3 42.Nd7 a4 43.Nc5 Bc2  0-1

[Event "TCh-FIN"]
[Site "Finland FIN"]
[Date "2009.05.15"]
[Round "9"]
[White "Halmeenmaki,T"]
[Black "Nivala,T"]
[Result "1-0"]
[WhiteElo "2151"]
[BlackElo "2219"]

1.Nf3 d5 2.c4 c6 3.g3 Nf6 4.Bg2 dxc4 5.Qc2 Qd5 6.Nh4 Qd4 7.Na3 Be6 8.Nf3 Qe4
9.Qxe4 Nxe4 10.Nd4 Nd6 11.Nxe6 fxe6 12.b3 cxb3 13.axb3 g6 14.Bb2 Rg8 15.Nc4 Nd7
16.O-O a6 17.d3 Bg7 18.Bxg7 Rxg7 19.b4 Rb8 20.f4 Nf8 21.Ra2 Kd7 22.Rc1 Nf7
23.Na5 Nd8 24.Nb3 Ke8 25.Nc5 Nd7 26.Bh3 Nxc5 27.bxc5 g5 28.Kf2 g4 29.Bg2 Kd7
30.d4 Ra8 31.e4 Kc7 32.Rb1 Ra7 33.Ke3 Nf7 34.Bf1 Rg6 35.Bc4 Nd8 36.Rab2 Rh6
37.Rf2 Rf6 38.Be2 Rg6 39.Bc4 Kd7 40.Rfb2 Rg7 41.Rf1 h5 42.f5 exf5 43.Rxf5 Rh7
44.Rf8 e6 45.Rbf2 Ke7 46.Rg8 Rf7 47.Rxf7+ Nxf7 48.Rg6 Nd8 49.d5 cxd5 50.exd5 exd5
51.Bxd5 a5 52.c6 bxc6 53.Rg7+ Kd6 54.Rxa7 cxd5 55.Rxa5 Ne6 56.Ra7 Ke5 57.Rh7 d4+
58.Kd2 Ke4 59.Rxh5 Kf3 60.Re5 Nf8 61.Rf5+  1-0

[Event "Mitropa Cup"]
[Site "Rogaska Slatina SLO"]
[Date "2009.05.15"]
[Round "7"]
[White "Vavrak,P"]
[Black "Ragger,M"]
[Result "1/2-1/2"]
[WhiteElo "2487"]
[BlackElo "2544"]

1.Nf3 d5 2.c4 e6 3.e3 Nf6 4.Nc3 c5 5.d4 Nc6 6.a3 a6 7.dxc5 Bxc5 8.b4 Bd6
9.Bb2 O-O 10.cxd5 exd5 11.Be2 Be6 12.O-O Qe7 13.Rc1 Rfd8 14.Nd4 Ne5 15.Qc2 Rac8
16.Nf5 Qd7 17.Nxd6 Qxd6 18.Rfd1 Neg4 19.g3 Qe5 20.Qd3 Qh5 21.h4 Bf5 22.Qd4 Qg6
23.Bf3 h6 24.Ne2 Be4 25.Nf4 Qf5 26.Be2 Rxc1 27.Rxc1 Re8 28.Rf1 Bc2 29.Nxd5 Ne5
30.Nxf6+ Qxf6 31.Rc1 Qf5 32.Qf4 Qxf4 33.gxf4 Bd3 34.Bd1 Nc4 35.Bd4 b5 36.a4 Be4
37.Be2 Bd5 38.Ra1 Nd2 39.Bxb5 Nf3+ 40.Kf1 Rb8 41.Be2  1/2-1/2

[Event "27th Liechtenstein Open"]
[Site "Triesen LIE"]
[Date "2009.05.15"]
[Round "1"]
[White "Pribyl,Jo"]
[Black "Goris Schouwstra,A"]
[Result "1-0"]
[WhiteElo "2346"]
[BlackElo "1955"]

1.Nf3 d5 2.c4 e6 3.b3 Nf6 4.Bb2 Be7 5.g3 O-O 6.Bg2 c5 7.e3 Nc6 8.O-O d4 9.exd4 cxd4
10.Re1 a6 11.d3 Bc5 12.Na3 Qd6 13.Nc2 e5 14.a3 a5 15.b4 axb4 16.axb4 Rxa1
17.Qxa1 Nxb4 18.Nxb4 Bxb4 19.Rxe5 b6 20.Bxd4 Bc5 21.Re1 h6 22.Bxc5 bxc5 23.d4 cxd4
24.Qxd4 Qc7 25.Ne5 Rd8 26.Qf4 Be6 27.Rc1 Qc5 28.h3 Nh5 29.Qh4 Nf6 30.Nf3 Rd3
31.Qf4 Rd8 32.Qe5 Qc8 33.Kh2 Nd7 34.Qe3 Nc5 35.Ne5 Nd7 36.c5 Nxe5 37.Qxe5 Rd2
38.Rb1 Rd8 39.c6 Kh7 40.c7 Rd7 41.Be4+ f5 42.Qxe6 fxe4 43.Rc1 e3 44.Qf5+ g6
45.Qxd7+  1-0

[Event "27th Liechtenstein Open"]
[Site "Triesen LIE"]
[Date "2009.05.16"]
[Round "2"]
[White "Habibi,Al"]
[Black "Tarnutzer,W"]
[Result "1-0"]
[WhiteElo "2290"]
[BlackElo "2058"]

1.Nf3 d5 2.c4 c6 3.e3 Nf6 4.b3 e6 5.Bb2 Nbd7 6.Be2 Be7 7.Nc3 O-O 8.d4 Ne4
9.Nxe4 dxe4 10.Nd2 f5 11.Qc2 Bf6 12.c5 Be7 13.g4 Nf6 14.g5 Nd5 15.h4 Qc7
16.a3 f4 17.Nc4 fxe3 18.fxe3 Qg3+ 19.Kd2 Rf2 20.Qxe4 e5 21.Rag1 Rxe2+ 22.Kxe2 Nf4+
23.exf4 Bg4+ 24.Kd2 Qf2+ 25.Kc1 Bf3 26.Qe1  1-0

[Event "CICC Open"]
[Site "Calgary CAN"]
[Date "2009.05.17"]
[Round "6"]
[White "Kustar,S"]
[Black "O'Donnell,T"]
[Result "1/2-1/2"]
[WhiteElo "2335"]
[BlackElo "2370"]

1.Nf3 d5 2.c4 e6 3.g3 Nf6 4.Bg2 c6 5.Qc2 Be7 6.O-O O-O 7.d4 Nbd7 8.Nbd2 b6
9.b3 Bb7 10.Bb2 Rc8 11.e4 Nxe4 12.Nxe4 dxe4 13.Qxe4 Qc7 14.Rad1 c5 15.d5 Bf6
16.Bxf6 Nxf6 17.Qe5 exd5 18.cxd5 Rfe8 19.Qf5 Rcd8 20.Rfe1 Rxe1+ 21.Nxe1 Qd7
22.Qxd7 Rxd7 23.Nf3 Bxd5 24.Ne5 Re7 25.f4 Bxg2 26.Kxg2 Kf8 27.Rd8+ Re8 28.Rd6 Ke7
29.Rc6 Nd5 30.Kf3 f6 31.Nc4 Rd8 32.f5 Nb4 33.Re6+ Kd7 34.a4 Nc6 35.Ke4 Kc7
36.a5 b5 37.Na3 Rd4+ 38.Ke3 Rb4 39.Nc2 Rxb3+ 40.Ke4 Rb2 41.Kd5 Nxa5 42.Re7+ Kc8
43.Rxa7 Nb7 44.Kc6 Nd8+ 45.Kb6 Rxc2 46.Rc7+ Kb8 47.Rd7 Nb7 48.Rxb7+ Kc8 49.Kc6 b4
50.Ra7 Kb8 51.Rb7+ Kc8 52.Ra7  1/2-1/2

[Event "Young Stars of the World"]
[Site "Kirishi RUS"]
[Date "2009.05.17"]
[Round "8"]
[White "Shimanov,A"]
[Black "Ipatov,A ESP"]
[Result "1-0"]
[WhiteElo "2519"]
[BlackElo "2486"]

1.Nf3 d5 2.c4 c6 3.d4 Nf6 4.Nc3 dxc4 5.a4 Bg4 6.Ne5 Bh5 7.f3 Nfd7 8.Nxc4 e5
9.e4 Qh4+ 10.g3 Qf6 11.dxe5 Nxe5 12.Nxe5 Qxe5 13.g4 Bg6 14.f4 Qf6 15.f5 Qh4+
16.Kd2 Nd7 17.fxg6 O-O-O 18.Kc2 hxg6 19.Bf4 Qf6 20.Be3 Ne5 21.Qe2 Bb4 22.g5 Qe7
23.Bxa7 Rd3 24.Be3 Bc5 25.Bf4 Rf3 26.Bxe5 Rf2 27.Bxg7 Rh4 28.Bf6 Qe6 29.Qxf2 Bxf2
30.a5 Rf4 31.Be2 Bc5 32.Raf1 Rh4 33.Ra1 Be7 34.Raf1 Bb4 35.h3 Rxh3 36.Rxh3 Qxh3
37.a6 bxa6 38.Bxa6+ Kc7 39.Bc4 Qe3 40.Be5+ Kb6 41.Na4+ Kb7 42.Rxf7+ Kc8 43.Nc3 Bxc3
44.Bxc3 Qxe4+ 45.Kb3 Qg4 46.Bf6 Qd1+ 47.Ka3 Qa1+ 48.Kb4 Qe1+ 49.Kc5 Qa5+
50.Kxc6 Qa4+ 51.Kc5 Qc2 52.b3 Qc1 53.Kb5 Qe3 54.Re7 Qf4 55.Kc6 Kb8 56.Be5+ Ka8
57.Re8+ Ka7 58.Bb8+  1-0